000 00699nam a2200265 i 4500
001 C2-0146224
003 PPAK
005 20180727131128.0
008 980315s1978 enka|||| ||||| | eng d
020 _a0600383156
040 _aPPAK
_beng
_cPPAK
_erda
082 0 4 _a385
_223
090 0 0 _a385
_bLEW
_dR
100 1 _aLewis, C.P.,
_eauthor
245 1 4 _aThe great steam trek
264 1 _aLondon :
_bHamlyn ,
_c1978
300 _a236 pages :
_bcolour illustrations ;
_c30 cm
336 _2rdacontent
_atext
337 _2rdamedia
_aunmediated
338 _2rdacarrier
_avolume
500 _aincludes index
650 1 0 _atrain - history ; Locomotives
700 _eauthor
942 _ddc
_cB
999 _c46445
_d46445